Most Spoken Language in Each Country - Statistics

General Stats
  • This quiz has been taken 47 times
    26 since last reset
  • The average score is 126 of 162
Answer Stats
Country Most spoken language % Correct
Albania Albanian
95%
Algeria Arabic
95%
Armenia Armenian
95%
Australia English
95%
Austria German
95%
Belarus Russian
95%
Argentina Spanish
95%
Egypt Arabic
89%
Iraq Arabic
89%
Jordan Arabic
89%
Palestine Arabic
89%
Qatar Arabic
89%
Saudi Arabia Arabic
89%
Syria Arabic
89%
Tunisia Arabic
89%
United Arab Emirates Arabic
89%
Yemen Arabic
89%
Azerbaijan Azerbaijani
89%
Bulgaria Bulgarian
89%
Czech Republic Czech
89%
Netherlands Dutch
89%
Canada English
89%
Ireland English
89%
United Kingdom English
89%
United States English
89%
France French
89%
Georgia Georgian
89%
Germany German
89%
Switzerland German
89%
Cyprus Greek
89%
Greece Greek
89%
Haiti Haitian Creole French
89%
Israel Hebrew
89%
India Hindi
89%
Hungary Hungarian
89%
Indonesia Indonesian
89%
Italy Italian
89%
Jamaica Jamaican Creole English
89%
Japan Japanese
89%
North Korea Korean
89%
South Korea Korean
89%
Latvia Latvian
89%
Luxembourg Luxembourgish
89%
China Mandarin
89%
Mongolia Mongolian
89%
Norway Norwegian
89%
Poland Polish
89%
Brazil Portuguese
89%
Portugal Portuguese
89%
Romania Romanian
89%
Russia Russian
89%
Croatia Serbo-Croatian
89%
Serbia Serbo-Croatian
89%
Chile Spanish
89%
Colombia Spanish
89%
Costa Rica Spanish
89%
Cuba Spanish
89%
Dominican Republic Spanish
89%
Ecuador Spanish
89%
Guatemala Spanish
89%
Nicaragua Spanish
89%
Panama Spanish
89%
Paraguay Spanish
89%
Peru Spanish
89%
El Salvador Spanish
89%
Spain Spanish
89%
Uruguay Spanish
89%
Venezuela Spanish
89%
Sweden Swedish
89%
Thailand Thai
89%
Turkey Turkish
89%
Ukraine Ukrainian
89%
Uzbekistan Uzbek
89%
Vietnam Vietnamese
89%
Kuwait Arabic
84%
Lebanon Arabic
84%
Morocco Arabic
84%
Oman Arabic
84%
Belize Belizean Creole English
84%
Bangladesh Bengali
84%
Denmark Danish
84%
New Zealand English
84%
Finland Finnish
84%
Ivory Coast French
84%
Iceland Icelandic
84%
Kazakhstan Kazakh
84%
Cambodia Khmer
84%
Laos Lao
84%
North Macedonia Macedonian
84%
Malaysia Malay
84%
Taiwan Mandarin
84%
Nepal Nepali
84%
Iran Persian
84%
Bosnia and Herzegovina Serbo-Croatian
84%
Slovakia Slovak
84%
Slovenia Slovene
84%
Bolivia Spanish
84%
Honduras Spanish
84%
Mexico Spanish
84%
Tajikistan Tajik
84%
Libya Arabic
79%
Belgium Dutch
79%
Liberia English
79%
Nigeria English
79%
Estonia Estonian
79%
Gabon French
79%
Kyrgyzstan Kyrgyz
79%
Lithuania Lithuanian
79%
Angola Portuguese
79%
Somalia Somali
79%
Philippines Tagalog
79%
Turkmenistan Turkmen
79%
Kosovo Albanian
74%
Ghana English
74%
Guyana English
74%
Sierra Leone English
74%
Singapore English
74%
Zambia English
74%
Guinea French
74%
Togo French
74%
Moldova Romanian
74%
Montenegro Serbo-Croatian
74%
Equatorial Guinea Spanish
74%
Kenya Swahili
74%
Tanzania Swahili
74%
Pakistan Urdu
74%
Sudan Arabic
68%
Myanmar Burmese
68%
Suriname Dutch
68%
Bhutan Dzongkha
68%
Benin French
68%
Cameroon French
68%
Congo French
68%
Niger French
68%
Papua New Guinea New Guinea Creole English
68%
Sri Lanka Sinhala
68%
South Africa Zulu
68%
Afghanistan Dari
63%
Guinea-Bissau Guinea-Bissau Creole Portuguese
63%
Rwanda Kinyarwanda
63%
Mozambique Portuguese
63%
Mauritania Arabic
58%
South Sudan English
58%
Uganda English
58%
Madagascar Malagasy
58%
Burundi Kirundi
53%
Lesotho Sesotho
53%
Djibouti Somali
53%
Chad Arabic
47%
Eswatini Swazi
47%
Senegal Wolof
47%
Eritrea Tigrinya
42%
Ethiopia Oromo
37%
East Timor Tetum
37%
Zimbabwe Shona
26%
Mali Bambara
21%
Central African Republic Sango
21%
Botswana Setswana
21%
Burkina Faso Mossi
11%
Malawi Chichewa
5%
The Gambia Mandinka
0%
Namibia Oshiwambo
0%
No matching quizzes found
Score Distribution
Percent of People with Each Score
Percentile by Number Answered
Your Score History
You have not taken this quiz since the last reset